[Event "DVM U16 2023"]
[Site "Magdeburg GER"]
[Date "2023.12.28"]
[Round "3"]
[White "Vecera, Fabio"]
[Black "González Peisker, Mateo"]
[Result "0-1"]
[Termination "normal"]
[Board "6.4"]
[WhiteElo "1505"]
[BlackElo "1443"]
[WhiteClock "00:13:08"]
[BlackClock "00:43:34"]
[WhiteTeam "VfB Schach Leipzig"]
[BlackTeam "SV Multatuli Ingelheim"]
[PlyCount "120"]
[WhiteFideId "16281705"]
[BlackFideId "34610138"]
[EventCountry "GER"]
[EventRounds "7"]
[EventType "team-swiss"]
[EventDate "2023.12.26"]

1. Nf3 {[%clk 01:30:55]} {[%emt 00:00:04]} d5 {[%clk 01:30:54]} {[%emt
00:00:06]} 2. c4 {[%clk 01:31:21]} {[%emt 00:00:05]} d4 {[%clk 01:31:20]}
{[%emt 00:00:05]} 3. b4 {[%clk 01:31:33]} {[%emt 00:00:18]} f6 {[%clk
01:31:42]} {[%emt 00:00:07]} 4. Qb3 {[%clk 01:31:33]} {[%emt 00:00:30]} e5
{[%clk 01:32:03]} {[%emt 00:00:09]} 5. e3 {[%clk 01:31:44]} {[%emt 00:00:19]}
Nh6 {[%clk 01:32:25]} {[%emt 00:00:08]} 6. exd4 {[%clk 01:30:18]} {[%emt
00:01:57]} e4 {[%clk 01:32:19]} {[%emt 00:00:36]} 7. Ng1 {[%clk 01:29:06]}
{[%emt 00:01:42]} Nc6 {[%clk 01:32:18]} {[%emt 00:00:31]} 8. a3 {[%clk
01:09:24]} {[%emt 00:20:13]} Nxd4 {[%clk 01:31:23]} {[%emt 00:01:24]} 9. Qc3
{[%clk 01:09:05]} {[%emt 00:00:49]} a5 {[%clk 01:29:21]} {[%emt 00:02:32]} 10.
Bb2 {[%clk 01:06:41]} {[%emt 00:02:54]} Nhf5 {[%clk 01:27:03]} {[%emt
00:02:48]} 11. b5 {[%clk 00:53:36]} {[%emt 00:13:35]} Bc5 {[%clk 01:26:17]}
{[%emt 00:01:13]} 12. Be2 {[%clk 00:48:57]} {[%emt 00:05:11]} O-O {[%clk
01:24:33]} {[%emt 00:02:14]} 13. Bd1 {[%clk 00:49:16]} {[%emt 00:00:12]} Nh4
{[%clk 01:18:23]} {[%emt 00:06:40]} 14. Kf1 {[%clk 00:34:39]} {[%emt 00:15:06]}
Re8 {[%clk 01:17:08]} {[%emt 00:01:45]} 15. Ne2 {[%clk 00:34:30]} {[%emt
00:00:40]} Ndf3 {[%clk 01:14:29]} {[%emt 00:03:09]} 16. Nf4 {[%clk 00:31:59]}
{[%emt 00:03:01]} Qd6 {[%clk 01:06:56]} {[%emt 00:08:03]} 17. Nd5 {[%clk
00:22:21]} {[%emt 00:10:08]} c6 {[%clk 01:04:03]} {[%emt 00:03:22]} 18. Ne3
{[%clk 00:17:13]} {[%emt 00:05:39]} Bxe3 {[%clk 01:00:23]} {[%emt 00:04:09]}
19. Qxe3 {[%clk 00:17:08]} {[%emt 00:00:35]} Qe6 {[%clk 00:48:45]} {[%emt
00:12:09]} 20. h3 {[%clk 00:13:00]} {[%emt 00:04:38]} Qxc4+ {[%clk 00:42:14]}
{[%emt 00:07:01]} 21. Be2 {[%clk 00:13:09]} {[%emt 00:00:21]} Qc2 {[%clk
00:41:40]} {[%emt 00:01:03]} 22. Qc3 {[%clk 00:07:40]} {[%emt 00:06:00]} Qxc3
{[%clk 00:39:57]} {[%emt 00:02:13]} 23. Bxc3 {[%clk 00:08:08]} {[%emt
00:00:02]} Ne5 {[%clk 00:40:05]} {[%emt 00:00:22]} 24. a4 {[%clk 00:07:31]}
{[%emt 00:01:07]} Be6 {[%clk 00:38:20]} {[%emt 00:02:14]} 25. Na3 {[%clk
00:07:46]} {[%emt 00:00:16]} Nhg6 {[%clk 00:37:52]} {[%emt 00:00:57]} 26. Rb1
{[%clk 00:04:02]} {[%emt 00:04:15]} Nf4 {[%clk 00:35:23]} {[%emt 00:02:58]} 27.
Bxe5 {[%clk 00:02:10]} {[%emt 00:02:22]} Nxe2 {[%clk 00:35:47]} {[%emt
00:00:06]} 28. Bxf6 {[%clk 00:01:55]} {[%emt 00:00:46]} Nf4 {[%clk 00:35:07]}
{[%emt 00:01:13]} 29. Bd4 {[%clk 00:01:33]} {[%emt 00:00:55]} Rad8 {[%clk
00:35:07]} {[%emt 00:00:30]} 30. Be3 {[%clk 00:03:51]} {[%emt 00:00:42]} Nd3
{[%clk 00:33:28]} {[%emt 00:02:05]} 31. bxc6 {[%clk 00:02:43]} {[%emt
00:01:43]} bxc6 {[%clk 00:33:21]} {[%emt 00:00:36]} 32. Rb6 {[%clk 00:01:49]}
{[%emt 00:01:24]} Rb8 {[%clk 00:31:48]} {[%emt 00:02:00]} 33. Ke2 {[%clk
00:01:19]} {[%emt 00:01:03]} Nf4+ {[%clk 00:28:30]} {[%emt 00:03:48]} 34. Kf1
{[%clk 00:01:00]} {[%emt 00:00:49]} Rxb6 {[%clk 00:28:24]} {[%emt 00:00:32]}
35. Bxb6 {[%clk 00:01:27]} {[%emt 00:00:07]} Rb8 {[%clk 00:28:43]} {[%emt
00:00:08]} 36. Bc7 {[%clk 00:01:31]} {[%emt 00:00:28]} Rb3 {[%clk 00:29:04]}
{[%emt 00:00:06]} 37. Bxf4 {[%clk 00:01:50]} {[%emt 00:00:14]} Rxa3 {[%clk
00:29:27]} {[%emt 00:00:07]} 38. g3 {[%clk 00:01:42]} {[%emt 00:00:39]} Rxa4
{[%clk 00:28:33]} {[%emt 00:01:18]} 39. Kg2 {[%clk 00:01:56]} {[%emt 00:00:21]}
Bd5 {[%clk 00:26:31]} {[%emt 00:02:28]} 40. Re1 {[%clk 00:01:10]} {[%emt
00:01:20]} Ra2 {[%clk 00:24:25]} {[%emt 00:02:30]} 41. Be3 {[%clk 00:01:23]}
{[%emt 00:00:23]} a4 {[%clk 00:23:52]} {[%emt 00:01:00]} 42. Rb1 {[%clk
00:01:01]} {[%emt 00:00:55]} a3 {[%clk 00:23:10]} {[%emt 00:01:12]} 43. g4
{[%clk 00:00:59]} {[%emt 00:00:33]} Rb2 {[%clk 00:23:00]} {[%emt 00:00:36]} 44.
Ra1 {[%clk 00:00:50]} {[%emt 00:00:42]} a2 {[%clk 00:23:22]} {[%emt 00:00:06]}
45. Kg3 {[%clk 00:30:14]} {[%emt 00:01:09]} Kf7 {[%clk 00:51:34]} {[%emt
00:02:17]} 46. h4 {[%clk 00:23:10]} {[%emt 00:07:34]} Ke6 {[%clk 00:49:20]}
{[%emt 00:02:39]} 47. h5 {[%clk 00:21:49]} {[%emt 00:01:56]} Ke5 {[%clk
00:48:46]} {[%emt 00:01:01]} 48. Bf4+ {[%clk 00:20:04]} {[%emt 00:02:18]} Kd4
{[%clk 00:48:56]} {[%emt 00:00:16]} 49. Be3+ {[%clk 00:20:28]} {[%emt
00:00:11]} Kd3 {[%clk 00:49:18]} {[%emt 00:00:05]} 50. Bf4 {[%clk 00:20:29]}
{[%emt 00:00:31]} g6 {[%clk 00:48:22]} {[%emt 00:01:26]} 51. Kh4 {[%clk
00:14:26]} {[%emt 00:06:34]} Rb1 {[%clk 00:45:53]} {[%emt 00:01:45]} 52. Be5
{[%clk 00:13:12]} {[%emt 00:02:58]} Kxd2 {[%clk 00:45:53]} {[%emt 00:00:23]}
53. Kg5 {[%clk 00:13:21]} {[%emt 00:00:27]} Rxa1 {[%clk 00:45:40]} {[%emt
00:00:34]} 54. Bxa1 {[%clk 00:13:49]} {[%emt 00:00:12]} c5 {[%clk 00:43:29]}
{[%emt 00:01:20]} 55. Kh6 {[%clk 00:13:46]} {[%emt 00:01:53]} gxh5 {[%emt
00:00:42]} 56. gxh5 {[%emt 00:00:07]} Bf7 {[%clk 00:42:43]} {[%emt 00:00:21]}
57. Kxh7 {[%clk 00:12:15]} {[%emt 00:02:08]} Bxh5 {[%clk 00:42:59]} {[%emt
00:00:08]} 58. Kh6 {[%clk 00:12:30]} {[%emt 00:00:21]} c4 {[%clk 00:43:12]}
{[%emt 00:00:17]} 59. Kxh5 {[%clk 00:12:52]} {[%emt 00:00:08]} c3 {[%clk
00:43:34]} {[%emt 00:00:05]} 60. Kg4 {[%clk 00:13:08]} {[%emt 00:00:17]} c2
{[%emt 00:00:34]} 1-0

[Event "DVM U16 2023"]
[Site "Magdeburg GER"]
[Date "2023.12.28"]
[Round "3"]
[White "Reus, Nicholas"]
[Black "Burns, Mikala Tristan"]
[Result "0-1"]
[Termination "normal"]
[Board "7.1"]
[WhiteElo "1742"]
[BlackElo "1819"]
[WhiteClock "00:45:09"]
[BlackClock "00:17:38"]
[WhiteTeam "Stuttgarter SF 1879"]
[BlackTeam "SG Grün-Weiß Dresden"]
[PlyCount "96"]
[WhiteFideId "34612424"]
[BlackFideId "16288459"]
[EventCountry "GER"]
[EventRounds "7"]
[EventType "team-swiss"]
[EventDate "2023.12.26"]

1. c4 {[%clk 01:30:58]} {[%emt 00:00:01]} Nf6 {[%clk 01:30:55]} {[%emt
00:00:06]} 2. Nc3 {[%clk 01:31:24]} {[%emt 00:00:03]} g6 {[%clk 01:31:18]}
{[%emt 00:00:07]} 3. e4 {[%clk 01:31:50]} {[%emt 00:00:04]} d6 {[%clk
01:31:42]} {[%emt 00:00:06]} 4. d4 {[%clk 01:32:16]} {[%emt 00:00:05]} Bg7
{[%clk 01:32:08]} {[%emt 00:00:04]} 5. Be2 {[%clk 01:32:42]} {[%emt 00:00:04]}
O-O {[%clk 01:32:32]} {[%emt 00:00:06]} 6. Nf3 {[%clk 01:33:10]} {[%emt
00:00:02]} e5 {[%clk 01:32:53]} {[%emt 00:00:09]} 7. d5 {[%clk 01:33:35]}
{[%emt 00:00:06]} Na6 {[%clk 01:33:06]} {[%emt 00:00:15]} 8. Bg5 {[%clk
01:33:43]} {[%emt 00:00:22]} h6 {[%clk 01:32:37]} {[%emt 00:01:00]} 9. Bh4
{[%clk 01:33:50]} {[%emt 00:00:23]} g5 {[%clk 01:30:20]} {[%emt 00:02:46]} 10.
Bg3 {[%clk 01:34:17]} {[%emt 00:00:04]} Nc5 {[%clk 01:30:44]} {[%emt 00:00:05]}
11. Nd2 {[%clk 01:33:46]} {[%emt 00:01:00]} a5 {[%clk 01:30:41]} {[%emt
00:00:34]} 12. O-O {[%clk 01:33:48]} {[%emt 00:00:29]} Bd7 {[%clk 01:24:59]}
{[%emt 00:06:12]} 13. Qc2 {[%clk 01:33:23]} {[%emt 00:00:54]} Qc8 {[%clk
01:21:26]} {[%emt 00:04:03]} 14. b3 {[%clk 01:32:36]} {[%emt 00:01:17]} Nh7
{[%clk 00:58:14]} {[%emt 00:23:42]} 15. a3 {[%clk 01:32:08]} {[%emt 00:00:57]}
f5 {[%clk 00:55:51]} {[%emt 00:02:54]} 16. f3 {[%clk 01:32:16]} {[%emt
00:00:22]} f4 {[%clk 00:54:26]} {[%emt 00:01:56]} 17. Bf2 {[%clk 01:32:30]}
{[%emt 00:00:15]} Na6 {[%clk 00:50:24]} {[%emt 00:04:31]} 18. Rab1 {[%clk
01:31:36]} {[%emt 00:01:23]} h5 {[%clk 00:44:58]} {[%emt 00:05:58]} 19. b4
{[%clk 01:31:17]} {[%emt 00:00:49]} axb4 {[%clk 00:43:56]} {[%emt 00:01:33]}
20. axb4 {[%clk 01:31:39]} {[%emt 00:00:07]} g4 {[%clk 00:37:40]} {[%emt
00:06:47]} 21. c5 {[%clk 01:30:19]} {[%emt 00:01:49]} dxc5 {[%clk 00:35:20]}
{[%emt 00:02:50]} 22. bxc5 {[%clk 01:19:00]} {[%emt 00:11:48]} g3 {[%clk
00:28:01]} {[%emt 00:07:50]} 23. hxg3 {[%clk 01:18:31]} {[%emt 00:00:58]} fxg3
{[%clk 00:28:26]} {[%emt 00:00:07]} 24. Bxg3 {[%clk 01:18:39]} {[%emt
00:00:21]} Nxc5 {[%clk 00:28:28]} {[%emt 00:00:28]} 25. d6 {[%clk 01:16:41]}
{[%emt 00:02:28]} cxd6 {[%clk 00:23:15]} {[%emt 00:05:43]} 26. Nd5 {[%clk
01:15:40]} {[%emt 00:01:31]} Qd8 {[%clk 00:22:38]} {[%emt 00:01:06]} 27. Nc4
{[%clk 01:13:08]} {[%emt 00:03:02]} Bc6 {[%clk 00:17:42]} {[%emt 00:05:26]} 28.
Ndb6 {[%clk 01:05:38]} {[%emt 00:07:58]} Rb8 {[%clk 00:10:25]} {[%emt
00:07:49]} 29. Rfd1 {[%clk 01:02:55]} {[%emt 00:03:13]} Qg5 {[%clk 00:10:07]}
{[%emt 00:00:48]} 30. Nxd6 {[%clk 00:57:59]} {[%emt 00:05:26]} Qxg3 {[%clk
00:09:34]} {[%emt 00:01:03]} 31. Qxc5 {[%clk 00:57:24]} {[%emt 00:01:05]} Ng5
{[%clk 00:05:07]} {[%emt 00:04:58]} 32. Nf5 {[%clk 00:50:07]} {[%emt 00:07:46]}
Rxf5 {[%clk 00:04:26]} {[%emt 00:01:10]} 33. exf5 {[%clk 00:49:15]} {[%emt
00:01:23]} Bxf3 {[%clk 00:02:54]} {[%emt 00:02:02]} 34. Bxf3 {[%clk 00:43:18]}
{[%emt 00:06:27]} Nxf3+ {[%clk 00:03:18]} {[%emt 00:00:06]} 35. Kf1 {[%clk
00:43:24]} {[%emt 00:00:24]} Nh2+ {[%clk 00:03:03]} {[%emt 00:00:45]} 36. Ke2
{[%clk 00:43:13]} {[%emt 00:00:40]} Qxg2+ {[%clk 00:02:58]} {[%emt 00:00:35]}
37. Qf2 {[%clk 00:29:07]} {[%emt 00:14:36]} Qe4+ {[%clk 00:02:20]} {[%emt
00:01:08]} 38. Qe3 {[%clk 00:17:54]} {[%emt 00:11:44]} Qg4+ {[%clk 00:02:12]}
{[%emt 00:00:37]} 39. Kd3 {[%clk 00:15:36]} {[%emt 00:02:47]} Qxf5+ {[%clk
00:02:16]} {[%emt 00:00:26]} 40. Kc4 {[%clk 00:15:19]} {[%emt 00:00:47]} Qe6+
{[%clk 00:00:53]} {[%emt 00:01:53]} 41. Rd5 {[%clk 00:15:17]} {[%emt 00:00:32]}
Ng4 {[%clk 00:25:19]} {[%emt 00:06:04]} 42. Qg5 {[%clk 00:44:34]} {[%emt
00:01:14]} Qc6+ {[%clk 00:23:26]} {[%emt 00:02:22]} 43. Kd3 {[%clk 00:44:45]}
{[%emt 00:00:20]} e4+ {[%clk 00:22:56]} {[%emt 00:01:00]} 44. Kd2 {[%clk
00:44:07]} {[%emt 00:01:08]} Qc3+ {[%clk 00:21:24]} {[%emt 00:02:02]} 45. Ke2
{[%clk 00:44:16]} {[%emt 00:00:21]} Qc2+ {[%clk 00:19:57]} {[%emt 00:01:56]}
46. Rd2 {[%clk 00:44:42]} {[%emt 00:00:04]} Qxb1 {[%clk 00:20:04]} {[%emt
00:00:23]} 47. Rd7 {[%clk 00:45:09]} {[%emt 00:00:03]} Qc2+ {[%clk 00:17:19]}
{[%emt 00:03:14]} 48. Ke1 {[%emt 00:00:19]} Qf2+ {[%clk 00:17:38]} 0-1

[Event "DVM U16 2023"]
[Site "Magdeburg GER"]
[Date "2023.12.28"]
[Round "3"]
[White "Nunez Grégoire, Daniel"]
[Black "Seymer, Adam"]
[Result "1/2-1/2"]
[Termination "normal"]
[Board "7.3"]
[WhiteElo "1708"]
[BlackElo "1694"]
[WhiteClock "00:43:58"]
[BlackClock "00:57:07"]
[WhiteTeam "Stuttgarter SF 1879"]
[BlackTeam "SG Grün-Weiß Dresden"]
[PlyCount "157"]
[WhiteFideId "34627103"]
[BlackFideId "34651802"]
[EventCountry "GER"]
[EventRounds "7"]
[EventType "team-swiss"]
[EventDate "2023.12.26"]

1. c4 {[%clk 01:30:58]} {[%emt 00:00:01]} Nf6 {[%clk 01:30:51]} {[%emt
00:00:09]} 2. Nc3 {[%clk 01:31:22]} {[%emt 00:00:07]} e6 {[%clk 01:31:13]}
{[%emt 00:00:08]} 3. d4 {[%clk 01:31:37]} {[%emt 00:00:16]} Bb4 {[%clk
01:31:34]} {[%emt 00:00:10]} 4. Qc2 {[%clk 01:32:02]} {[%emt 00:00:05]} c5
{[%clk 01:30:49]} {[%emt 00:01:14]} 5. dxc5 {[%clk 01:32:17]} {[%emt 00:00:16]}
Qa5 {[%clk 01:29:32]} {[%emt 00:01:46]} 6. Bd2 {[%clk 01:32:21]} {[%emt
00:00:26]} Qxc5 {[%clk 01:29:39]} {[%emt 00:00:24]} 7. e3 {[%clk 01:32:15]}
{[%emt 00:00:36]} O-O {[%clk 01:29:46]} {[%emt 00:00:23]} 8. a3 {[%clk
01:32:13]} {[%emt 00:00:32]} Bxc3 {[%clk 01:30:08]} {[%emt 00:00:08]} 9. Bxc3
{[%clk 01:32:38]} {[%emt 00:00:06]} Qe7 {[%clk 01:30:04]} {[%emt 00:00:33]} 10.
Nf3 {[%clk 01:32:54]} {[%emt 00:00:15]} Nc6 {[%clk 01:29:08]} {[%emt 00:01:26]}
11. Bd3 {[%clk 01:33:02]} {[%emt 00:00:22]} h6 {[%clk 01:28:52]} {[%emt
00:00:46]} 12. O-O {[%clk 01:33:21]} {[%emt 00:00:12]} b6 {[%clk 01:28:58]}
{[%emt 00:00:23]} 13. Rfd1 {[%clk 01:32:24]} {[%emt 00:01:27]} Rd8 {[%clk
01:27:47]} {[%emt 00:01:41]} 14. Rac1 {[%clk 01:32:00]} {[%emt 00:00:54]} Bb7
{[%clk 01:27:57]} {[%emt 00:00:20]} 15. Nd4 {[%clk 01:29:45]} {[%emt 00:02:45]}
Rac8 {[%clk 01:27:32]} {[%emt 00:00:54]} 16. Nxc6 {[%clk 01:29:17]} {[%emt
00:00:58]} Rxc6 {[%clk 01:27:10]} {[%emt 00:00:52]} 17. Bb4 {[%clk 01:26:31]}
{[%emt 00:03:16]} d6 {[%clk 01:26:59]} {[%emt 00:00:41]} 18. e4 {[%clk
01:25:25]} {[%emt 00:01:37]} Nd7 {[%clk 01:25:18]} {[%emt 00:02:10]} 19. Bc3
{[%clk 01:22:50]} {[%emt 00:03:04]} Rdc8 {[%clk 01:24:37]} {[%emt 00:01:11]}
20. b3 {[%clk 01:22:20]} {[%emt 00:01:00]} d5 {[%clk 01:23:13]} {[%emt
00:01:53]} 21. exd5 {[%clk 01:22:19]} {[%emt 00:00:31]} exd5 {[%clk 01:23:27]}
{[%emt 00:00:16]} 22. Qb2 {[%clk 01:21:56]} {[%emt 00:00:53]} dxc4 {[%clk
01:20:03]} {[%emt 00:03:54]} 23. Bxc4 {[%clk 01:21:40]} {[%emt 00:00:46]} Rg6
{[%clk 01:19:46]} {[%emt 00:00:46]} 24. f3 {[%clk 01:17:09]} {[%emt 00:05:01]}
Bxf3 {[%clk 01:19:23]} {[%emt 00:00:53]} 25. Rd2 {[%clk 01:17:16]} {[%emt
00:00:23]} Qe3+ {[%clk 01:08:58]} {[%emt 00:10:55]} 26. Kh1 {[%clk 01:16:57]}
{[%emt 00:00:49]} Bc6 {[%clk 01:06:16]} {[%emt 00:03:12]} 27. Rf1 {[%clk
01:15:55]} {[%emt 00:01:32]} Rf8 {[%clk 01:02:50]} {[%emt 00:03:56]} 28. Bd4
{[%clk 01:08:30]} {[%emt 00:07:55]} Qg5 {[%clk 01:01:56]} {[%emt 00:01:23]} 29.
b4 {[%clk 01:07:49]} {[%emt 00:01:11]} Nf6 {[%clk 01:00:31]} {[%emt 00:01:55]}
30. Bxf6 {[%clk 01:06:13]} {[%emt 00:02:06]} Rxf6 {[%clk 01:00:38]} {[%emt
00:00:23]} 31. Rxf6 {[%clk 01:06:20]} {[%emt 00:00:23]} Qxf6 {[%clk 00:59:52]}
{[%emt 00:01:16]} 32. Qxf6 {[%clk 01:06:42]} {[%emt 00:00:08]} gxf6 {[%clk
01:00:15]} {[%emt 00:00:07]} 33. b5 {[%clk 01:06:23]} {[%emt 00:00:49]} Be4
{[%clk 00:59:29]} {[%emt 00:01:17]} 34. Kg1 {[%clk 01:03:02]} {[%emt 00:03:51]}
Rc8 {[%clk 00:58:55]} {[%emt 00:01:03]} 35. Rd4 {[%clk 01:03:06]} {[%emt
00:00:26]} f5 {[%clk 00:58:49]} {[%emt 00:00:36]} 36. g4 {[%clk 00:48:39]}
{[%emt 00:14:58]} Kg7 {[%clk 00:58:13]} {[%emt 00:01:05]} 37. gxf5 {[%clk
00:48:24]} {[%emt 00:00:45]} Bxf5 {[%clk 00:58:31]} {[%emt 00:00:12]} 38. Bd5
{[%clk 00:47:46]} {[%emt 00:01:08]} Rd8 {[%clk 00:57:10]} {[%emt 00:01:51]} 39.
Rd1 {[%clk 00:46:46]} {[%emt 00:01:31]} Bc2 {[%clk 00:57:28]} {[%emt 00:00:11]}
40. Rc1 {[%clk 00:46:57]} {[%emt 00:00:19]} Rxd5 {[%clk 00:57:44]} {[%emt
00:00:14]} 41. Rxc2 {[%clk 00:47:20]} {[%emt 00:00:08]} Rxb5 {[%clk 00:58:04]}
{[%emt 00:00:09]} 42. Rc3 {[%clk 00:46:59]} {[%emt 00:00:52]} Rc5 {[%clk
00:58:05]} {[%emt 00:00:28]} 43. Rd3 {[%clk 00:46:49]} {[%emt 00:00:40]} Kg6
{[%clk 00:57:44]} {[%emt 00:00:51]} 44. Kg2 {[%clk 00:46:48]} {[%emt 00:00:32]}
f6 {[%clk 00:57:39]} {[%emt 00:00:35]} 45. Rd7 {[%clk 00:46:11]} {[%emt
00:01:05]} a5 {[%clk 00:57:41]} {[%emt 00:00:29]} 46. a4 {[%clk 00:46:02]}
{[%emt 00:00:40]} Rc4 {[%clk 00:57:56]} {[%emt 00:00:14]} 47. Rd6 {[%clk
00:46:18]} {[%emt 00:00:13]} Rxa4 {[%clk 00:58:08]} {[%emt 00:00:18]} 48. Rxb6
{[%clk 00:46:44]} {[%emt 00:00:04]} Rb4 {[%clk 00:55:22]} {[%emt 00:03:16]} 49.
Ra6 {[%clk 00:47:03]} {[%emt 00:00:10]} a4 {[%clk 00:55:27]} {[%emt 00:00:26]}
50. Ra5 {[%clk 00:47:19]} {[%emt 00:00:14]} Rb2+ {[%clk 00:55:35]} {[%emt
00:00:22]} 51. Kg3 {[%clk 00:46:43]} {[%emt 00:01:07]} Rb3+ {[%clk 00:55:54]}
{[%emt 00:00:11]} 52. Kg4 {[%clk 00:46:22]} {[%emt 00:00:51]} a3 {[%clk
00:56:15]} {[%emt 00:00:09]} 53. Ra6 {[%clk 00:45:20]} {[%emt 00:01:32]} Rb2
{[%clk 00:54:59]} {[%emt 00:01:46]} 54. Rxa3 {[%clk 00:44:50]} {[%emt
00:01:00]} Rxh2 {[%clk 00:55:20]} {[%emt 00:00:09]} 55. Ra8 {[%clk 00:44:57]}
{[%emt 00:00:22]} h5+ {[%clk 00:55:20]} {[%emt 00:00:31]} 56. Kg3 {[%clk
00:43:57]} {[%emt 00:01:30]} Rh1 {[%clk 00:55:28]} {[%emt 00:00:22]} 57. Kg2
{[%clk 00:43:34]} {[%emt 00:00:54]} Rb1 {[%clk 00:55:48]} {[%emt 00:00:08]} 58.
Rg8+ {[%clk 00:43:41]} {[%emt 00:00:23]} Kh7 {[%clk 00:55:25]} {[%emt
00:00:54]} 59. Rf8 {[%clk 00:42:57]} {[%emt 00:01:13]} Kg7 {[%clk 00:55:38]}
{[%emt 00:00:18]} 60. Ra8 {[%clk 00:42:59]} {[%emt 00:00:27]} Rb5 {[%clk
00:55:57]} {[%emt 00:00:12]} 61. Kg3 {[%clk 00:42:23]} {[%emt 00:01:07]} Kg6
{[%clk 00:55:15]} {[%emt 00:01:11]} 62. Rg8+ {[%clk 00:41:52]} {[%emt
00:01:00]} Kh7 {[%clk 00:55:12]} {[%emt 00:00:34]} 63. Rf8 {[%clk 00:41:48]}
{[%emt 00:00:34]} Kg7 {[%clk 00:55:35]} {[%emt 00:00:08]} 64. Ra8 {[%clk
00:42:03]} {[%emt 00:00:14]} Rg5+ {[%clk 00:55:57]} {[%emt 00:00:09]} 65. Kh4
{[%clk 00:41:45]} {[%emt 00:00:48]} Kg6 {[%clk 00:56:09]} {[%emt 00:00:18]} 66.
Rg8+ {[%clk 00:41:39]} {[%emt 00:00:35]} Kf5 {[%clk 00:56:32]} {[%emt
00:00:08]} 67. Ra8 {[%clk 00:41:47]} {[%emt 00:00:25]} Kg6 {[%clk 00:54:55]}
{[%emt 00:02:04]} 68. Rg8+ {[%clk 00:42:02]} {[%emt 00:00:14]} Kh6 {[%clk
00:55:17]} {[%emt 00:00:09]} 69. Rh8+ {[%clk 00:42:01]} {[%emt 00:00:31]} Kg6
{[%clk 00:55:08]} {[%emt 00:00:39]} 70. Rg8+ {[%clk 00:42:19]} {[%emt
00:00:11]} Kf5 {[%clk 00:55:22]} {[%emt 00:00:17]} 71. Ra8 {[%clk 00:41:41]}
{[%emt 00:01:07]} Ke4 {[%clk 00:55:25]} {[%emt 00:00:27]} 72. Ra4+ {[%clk
00:41:54]} {[%emt 00:00:17]} Kd3 {[%clk 00:55:43]} {[%emt 00:00:13]} 73. Ra3+
{[%clk 00:41:59]} {[%emt 00:00:25]} Kc4 {[%clk 00:56:06]} {[%emt 00:00:07]} 74.
Ra4+ {[%clk 00:42:00]} {[%emt 00:00:29]} Kb5 {[%clk 00:56:27]} {[%emt
00:00:08]} 75. Rf4 {[%clk 00:42:17]} {[%emt 00:00:14]} Rg4+ {[%clk 00:56:12]}
{[%emt 00:00:46]} 76. Rxg4 {[%clk 00:42:42]} {[%emt 00:00:05]} hxg4 {[%clk
00:56:36]} {[%emt 00:00:06]} 77. Kxg4 {[%clk 00:43:08]} {[%emt 00:00:03]} Kc5
{[%clk 00:56:53]} {[%emt 00:00:13]} 78. Kf5 {[%clk 00:43:34]} {[%emt 00:00:04]}
Kd5 {[%clk 00:57:07]} {[%emt 00:00:15]} 79. Kxf6 {[%clk 00:43:58]} {[%emt
00:00:05]} 1/2-1/2